000 004630000a22001450004500
003 MACL
005 20170914134329.0
008 170914b xxu||||| |||| 00| 0 eng d
040 _cmacl
100 _aविनाेवा
_969110
245 _aभूदान यज्ञ क्‍या और क्‍योे
260 _bकाशी
_aराजपाट प्रकाशन
_c1956
650 _aपर्यावरण
_936465
942 _cHIN
_k333
_2ddc
999 _c25277
_d25277